Statistiques concernant Harry Potter: Sainte Mangouste

Cliquez ici pour prendre le quiz!

Statistiques générales

  • Ce quiz a été pris 36 fois
  • Le résultat moyen est 10 sur 21

Statistiques - réponses

InformationRéponses% Correct
Première apparitionHarry Potter et la Coupe de Feu
90%
Dernière apparitionHarry Potter et les Reliques de la Mort
90%
PaysRoyaume-Uni
90%
Nation/ étatAngleterre
81%
Patient connu (4e étage)Gilderoy Lockhart
81%
VilleLondres
81%
Patiente connue (4e étage)Alice Londubat
76%
Patient connu ( 4e étage)Frank Londubat
76%
FonctionHopital
71%
Patient connu (1er étage)Arthur Weasley
48%
Cinquième étageSalon de thé / boutique de l'hôpital
43%
Premier étageBlessures par créature vivantes: morsures, piqures , brulures, enfoncements d'épines, etc.
38%
Noms des "médecins"Guérisseurs
33%
Quatrième étagePathologie des sortilèges: maléfices chroniques, ensorcellements, détournements de charmes, etc..
33%
Troisième étageEmpoisonnement par potions et plantes: urticaires, régurgitations, fous rires incontrôlables, etc.
29%
Patiente connue (4e étage(supposition))Minerva Mcgonagall
14%
Deuxième étageVirus et microbes magiques: maladies contagieuses ,ex : variole du dragon, disparition pathologique, scrofulites, etc.
14%
Nom entierHôpital Ste Mangouste pour les maladies et blessures magiques
10%
Nom du magasin par lequel on y entrePurge & Pionce Ltd
10%
Rez-de-chausséeAccidents matériels: explosions de chaudrons, court-circuit de baguette chutes de balais, ...
5%
FondateurMangouste Bonham
5%

Distribution des résultats

Percentile par nombre de réponses

% des personnes avec chaque résultat

Votre développement - résultats

Vous n’avez pas pris ce quiz